000 01457nam a2200337 4500
003 EG-GICUC
005 20260121101442.0
008 251208s1995 -ua||||fr|||| 00| 0 ara d
017 _a9411733
020 _a9770412988
040 _a EG-GICUC
_bara
_c EG-GICUC
_d EG-GICUC
_erda
041 _aara
082 0 4 _221
_a341.8
_bب د . ن
092 0 4 _221
099 _aLaw1 12 341.8 ب د . ن 1995
100 0 _aعبد الحكيم مصطفي عبد الرحمن
_eمؤلف.
245 1 2 _aالنظام القانوني للشركة المساهمة الأوربية فى اطار قواعد القانون الدولى الخاص /
_cعبد الحكيم مصطفي عبد الرحمن.
264 _a[مكان النشر غير محدد] :
_b[اسم الناشر غير محدد],
_c1995.
300 _a106 صفحة ؛
_c24 سم.
336 _2rda content
_atext
337 _2rda media
_aComputer
338 _2rda carrier
_aOnline Resource
500 _aاهداء مكتبة ا.د. صلاح عامر
504 _aيحتوي على ارجاعات ببليوجرافية يحتوي على قائمة بالمراجع
546 _aالنص أغلبه باللغة العربية بعض النصوص الإنجليزية والفرنسية
650 1 4 _aالقانون الدولى الخاص
_2qrmak
651 1 _2qrmak
856 4 0 _uhttps://fll.law.cu.edu.eg/fulltext/bks/B12-01608.pdf
905 _a75
_eHassnaa
942 _2ddc
_n0
_cBK
_e21
999 _c49142
_d49142